00740nam a2200205 a 4500008004100000020001500041050001600056100002000072245002900092246005900121260003300180300001500213350000900228650001500237650001500252650002200267995009600289999001700385952013200402120416s1990 ||||||||||||||||| || u a155542211X aHD 57.7 Kou aKouzes, James M14aThe leadership challenge ahow to get extra ordinary things done in organisations aFranciscobJossey-Bassc1990 axxx, 382p. a0.00 0aLEADERSHIP 0aMANAGEMENT aEXECUTIVE ABILITY D0.00FCBU-MAIN LIBRARY (Kitwe)H1I14.95M1UAVAILABLEZMain Library Open Access Collection c48982d48982 00102lcc4070a001b001cMain Library Open Access Collectiond2022-11-30l0oHD 57.7 Koup003565r2022-11-30w2022-11-30y002